| 000 | 01057nam a22002657a 4500 | ||
|---|---|---|---|
| 003 | dpl | ||
| 005 | 20170124102937.0 | ||
| 008 | 161129b xxu||||| |||| 00| 0 eng d | ||
| 010 | _aB-082028 | ||
| 020 | _c00.00 | ||
| 035 | _aB-082028 | ||
| 037 | _bCen Lib/Ret | ||
| 040 |
_aDPL _bHN _cTIT |
||
| 082 |
_a851.092 _bअमृता |
||
| 100 |
_aअमृता प्रीतम _947143 |
||
| 245 |
_aअक्षरों के साये : _cअमृता प्रीतम _bएक अन्तर्यात्रा / |
||
| 246 |
_aAksharon ke saye : ek antaryatra / _bby Amrita Pritam |
||
| 260 |
_aनई दिल्ली _bराजपाल एंड सन्स _c2014 |
||
| 300 |
_a143पृ. : _c20सेमी (सजिल्द) _bसचित्र |
||
| 650 |
_aहिन्दी -- साहित्य _947144 |
||
| 650 |
_aहिन्दी -- कहानी _9779 |
||
| 650 |
_aHindi - literature _947145 |
||
| 650 |
_aHindi - Story _943117 |
||
| 942 |
_2ddc _cHN _h851.092 _mअमृता |
||
| 999 |
_c112308 _d112308 |
||